| 000 | 00536nam a22001937a 4500 | ||
|---|---|---|---|
| 999 |
_c16582 _d16582 |
||
| 003 | OSt | ||
| 005 | 20180426111528.0 | ||
| 008 | 180426b ||||| |||| 00| 0 eng d | ||
| 020 | _a0521366712 | ||
| 040 | _aSEKU | ||
| 050 |
_aQE 538.5 _b.C4 |
||
| 100 | _aCerveny V. | ||
| 245 |
_aSeismic ray theory _cV. Cerveny |
||
| 260 |
_aUSA: _bCambridge University press, _c2001. |
||
| 300 |
_aviii, 713 p.: _bill. |
||
| 504 | _ainclude bibliographical reference and index. | ||
| 650 |
_aSeismic waves _vMathematical models. |
||
| 942 |
_2lcc _cGEN |
||